02726nam a22002297a 4500999001700000003000400017005001700021008004100038040000800079041000800087082001100095100003300106245028900139260001800428300004800446500008000494520164900574650003302223653013602256942001402392952009002406 c10620d10620OSt20260602220616.0260602b ||||| |||| 00| 0 eng d cLIC avie a634bN aNguyễn, Duy Ngọc Tân aNghiên cứu đặc điểm sinh học và kỹ thuật gây trồng loài vằng sẻ (Jasminum subtriplinerve Blume) tại khu vực Trung Trung BộbLuận án Tiến sĩ Lâm sinh. Ngành: Lâm sinh. Mã số: 9620205cNguyễn Duy Ngọc Tân aHuếc2026 a136tr.,pl.bMinh họa (ảnh màu)c30cm. aNgười HDKH: PGS.TS. Nguyễn Hồ Lam, TS. Trần Minh Đức aNội dung nghiên cứu của luận án: Nội dung 1: Nghiên cứu đặc điểm sinh học và sinh thái: Xác định đặc điểm hình thái, vật hậu, danh pháp khoa học. Xác định đặc điểm sinh thái và các yếu tố ảnh hưởng đến phân bố. Nội dung 2: Đánh giá tiềm năng thích nghi sinh thái: Đánh giá tiềm năng thích nghi sinh thái hiện tại và tương lai theo các kịch bản của biến đổi khí hậu (BĐKH). Xây dựng hệ thống bản đồ đánh giá mức độ thích nghi sinh thái, phân tích các biến động và xu hướng dịch chuyển theo các kịch bản BĐKH. Nội dung 3: Nghiên cứu kỹ thuật nhân giống và gây trồng: Đánh giá ảnh hưởng của một số yếu tố đến sinh trưởng và phát triển của loài vằng sẻ trong giải đoạn vườn ươm. Đánh giá ảnh hưởng của các biện pháp kỹ thuật và điều kiện sinh thái đến sinh trưởng, phát triển và năng suất cây trồng trong các mô hình. Nội dung 4: Xác định hàm lượng hoạt chất chính và hoạt chất sinh học: Đánh giá hàm lượng hoạt chất chính (flavonoid tổng số). Đánh giá hoạt tính kháng viêm (khả năng ức chế sản sinh NO). Đánh giá hoạt tính chống oxy hóa (khả năng trung hòa gốc tự do DPPH). aLâm nghiệpxLâm sinh aLâm sinhaLoài vằng sẻaSinh trưởng phát triểnaKỹ thuật gây trồngaJasminum subtriplinerve Blume 2ddccLALV 00102ddc4070a109b109.2d2026-06-02oLA/LN p2026/Nr2026-06-02w2026-06-02yLALV